Como funcionan los sindicatos en la URSS /

Đã lưu trong:
Chi tiết về thư mục
Tác giả chính: Bonch-Bruevich, Vladímir
Tác giả khác: Vizhutovich, Valeri
Định dạng: Texto
Các nhãn: Thêm thẻ
Không có thẻ, Là người đầu tiên thẻ bản ghi này!

MARC

LEADER 00000 a a2200000 04500
001 47008
003
040
100 |a Bonch-Bruevich, Vladímir  
245 |a Como funcionan los sindicatos en la URSS /  |c Vladímir Bonch-Bruevich, Valeri Vizhutovich  
700 |a Vizhutovich, Valeri  
773 |g volumen5, número94, (1981), páginas 42-51  
999 |c 36160  |d 36160